000 00556nam a2200181Ia 4500
003 OSt
005 20260627100357.0
008 250729s2011 xx 000 0 und d
040 _cAL
041 _akan
082 _a930.7 SURK
100 _aSuryanath Kamath
_9230871
_dಸೂರ್ಯನಾಥ ಕಾಮತ್
245 _aKarnatakada sankshiptha ithihasa
_bಕರ್ನಾಟಕದ ಸಂಕ್ಷಿಪ್ತ ಇತಿಹಾಸ
260 _aBangalore
_bM C C Publication
_c2011
300 _a308p
650 _aHistory
_9230872
942 _2ddc
_cBED
999 _c238998
_d238998